MARC

Tag First Indicator Second Indicator Subfields
LEADER 00000cas a2200000 i 4500
001 in00002786858
005 20221213220008.5
006 m o d
007 cr cnu||||||||
008 751019c19539999gw qr pso 0 b0ger c
010 |a  2009235783 
016 7 |a 978191250  |2 DE-101 
016 7 |a 2218237-8  |2 DE-600 
016 7 |a 100970544  |2 DNLM 
019 |a 472580654  |a 565557045  |a 644275861  |a 654935117  |a 864793788  |a 988824039  |a 1017865406  |a 1019913512  |a 1026606852  |a 1026927052  |a 1028789941  |a 1029784050  |a 1033549576  |a 1038421195  |a 1039259795  |a 1043073313  |a 1048139037  |a 1048389895  |a 1060794302  |a 1081244686  |a 1089410831  |a 1122595297  |a 1235835501  |a 1240527881  |a 1281714401 
022 |a 2196-7121  |y 0042-5702  |l 0042-5702  |2 6 
029 1 |a AU@  |b 000044944438 
029 1 |a AU@  |b 000044985225 
029 1 |a AU@  |b 000045729044 
029 1 |a GBVCP  |b 506286835 
029 1 |a GWDNB  |b 978191250 
029 1 |a NZ1  |b 13163575 
029 1 |a NZ1  |b 13239907 
029 1 |a DEBBG  |b BV021302124 
035 |a (OCoLC)ocn252503946 
035 |a (Voyager)4040618 
035 |a (OCoLC)252503946  |z (OCoLC)472580654  |z (OCoLC)565557045  |z (OCoLC)644275861  |z (OCoLC)654935117  |z (OCoLC)864793788  |z (OCoLC)988824039  |z (OCoLC)1017865406  |z (OCoLC)1019913512  |z (OCoLC)1026606852  |z (OCoLC)1026927052  |z (OCoLC)1028789941  |z (OCoLC)1029784050  |z (OCoLC)1033549576  |z (OCoLC)1038421195  |z (OCoLC)1039259795  |z (OCoLC)1043073313  |z (OCoLC)1048139037  |z (OCoLC)1048389895  |z (OCoLC)1060794302  |z (OCoLC)1081244686  |z (OCoLC)1089410831  |z (OCoLC)1122595297  |z (OCoLC)1235835501  |z (OCoLC)1240527881  |z (OCoLC)1281714401 
040 |a LGG  |b eng  |e rda  |e pn  |c LGG  |d EYM  |d HUL  |d OCLCE  |d VRC  |d GWDNB  |d OCLCQ  |d GBVCP  |d OCLCQ  |d OCLCF  |d COO  |d DLC  |d OCLCO  |d DLC  |d OCLCO  |d OCLCQ  |d OCL  |d OCLCO  |d DEBBG  |d VT2  |d U3W  |d OCLCO  |d WYU  |d OCLCA  |d NLE  |d OCLCO  |d ORE 
042 |a pcc  |a dlr 
043 |a e-gx---  |a e------ 
050 0 0 |a D410 
050 1 4 |a D410  |b .V5 
082 0 4 |a 905 
210 0 |a Vierteljahrsh. Zeitgesch.  |b (Internet) 
222 0 |a Vierteljahrshefte für Zeitgeschichte  |b (Internet) 
245 0 0 |a Vierteljahrshefte für Zeitgeschichte. 
246 1 |a VfZ 
264 1 |3 1953-Oktober 2005 :  |a [Munich, Germany] :  |b Oldenbourg Wissenschaftsverlag GmbH 
264 3 1 |3 Oktober 2005-<April 2016> :  |a Berlin, Germany :  |b De Gruyter 
310 |a Quarterly 
336 |a text  |b txt  |2 rdacontent 
337 |a computer  |b c  |2 rdamedia 
338 |a online resource  |b cr  |2 rdacarrier 
362 1 |a Print began with 1. Jahrgang, 1. Heft (Januar 1953). 
500 |a Print version published: Stuttgart : Deutsche Verlags-Anstalt, 1953- ; München : R. Oldenbourg Verlag, 1986- ; München : De Gruyter Oldenbourg, <2014-2016> 
550 |a Issued by: Institut für Zeitgeschichte. 
555 |a 1.-22. Jahrg., 1953-74. 1 v.; 1.-45. Jahrg., 1953-1997. 1 v. 
580 |a Has supplements: Bibliographie zur Zeitgeschichte, 1953- (issued in print as a separately paged section of Vierteljahrshefte für Zeitgeschichte, 1953-1988; issued in print separately, 1989- ); and: Schriftenreihe der Vierteljahrshefte für Zeitgeschichte, 1960- 
588 |a Description based on: 1. Jahrgang (1953); title from PDF volume title page (JSTOR, viewed May 3, 2016). 
588 |a Latest issue consulted: 64. Jahrgang, Heft 2 (April 2016) (De Gruyter Online, viewed May 3, 2016). 
650 0 |a History, Modern  |y 20th century  |v Periodicals. 
650 0 |a History, Modern  |y 21st century  |v Periodicals. 
651 0 |a Germany  |x History  |y 20th century  |v Periodicals. 
651 0 |a Germany  |x History  |y 21st century  |v Periodicals. 
651 0 |a Europe  |x History  |y 20th century  |v Periodicals. 
651 0 |a Europe  |x History  |y 21st century  |v Periodicals. 
650 6 |a Histoire  |v Périodiques. 
650 7 |a History, Modern.  |2 fast  |0 (OCoLC)fst00958367 
651 7 |a Europe.  |2 fast  |0 (OCoLC)fst01245064 
651 7 |a Germany.  |2 fast  |0 (OCoLC)fst01210272 
650 7 |a Zeitgeschichte  |g Fach  |2 gnd 
650 7 |a Geschichte  |2 gnd 
650 7 |a Nieuwste tijd.  |2 gtt 
650 7 |a HISTORY.  |2 unbist 
650 7 |a TWENTIETH CENTURY.  |2 unbist 
650 7 |a EUROPE.  |2 unbist 
648 7 |a 1900-2099  |2 fast 
655 0 |a Electronic journals. 
655 7 |a History.  |2 fast  |0 (OCoLC)fst01411628 
655 7 |a Periodicals.  |2 fast  |0 (OCoLC)fst01411641 
655 7 |a Zeitschrift.  |2 swd 
655 7 |a Elektronische Publikation.  |2 swd 
710 2 |a Institut für Zeitgeschichte (Munich, Germany),  |e issuing body. 
770 0 |t Bibliographie zur Zeitgeschichte  |x 0523-2759  |w (OCoLC)646942418 
770 0 |t Schriftenreihe der Vierteljahrshefte für Zeitgeschichte  |x 0506-9408  |w (OCoLC)564624585 
776 0 8 |i Print version:  |t Vierteljahrshefte für Zeitgeschichte  |x 0042-5702  |w (DLC) 56041853  |w (OCoLC)1717063 
850 |a DLC 
948 |h HELD BY TXA - 346 OTHER HOLDINGS 
994 |a Z0  |b TXA 
999 f f |s 3075dce8-60b2-37f0-97bd-ce40d5f85a93  |i cdbb8c9e-ed42-301d-8e3c-c277b10128dc  |t 0 
952 f f |a Texas A&M University  |b College Station  |c Electronic Resources  |d Available Online  |t 0  |e D410 .V5  |g Electronic  |h Library of Congress classification 
998 f f |a D410 .V5  |t 0  |l Available Online